|
|
|
|
| LEADER |
00000nab a2200000uu 4500 |
| 001 |
vtls011461283 |
| 003 |
SK-MaSNL |
| 005 |
20260303151652.0 |
| 008 |
230222|2014 xo |||||||||||||||||eng| |
| 015 |
|
|
|a SNBRB
|
| 035 |
|
|
|a (urnnbn)urn:nbn:sk:snk:ar-a0ah9f
|
| 035 |
|
|
|a (uuid)0837c3c7-1532-4eee-a9f4-a41a4ff2d667
|
| 035 |
|
|
|a urn:nbn:sk:snk-abcuzu
|
| 040 |
|
|
|a SNKBUCL
|b slo
|c SNKBUCL
|e AACR2
|
| 041 |
0 |
|
|a eng
|
| 044 |
|
|
|a xo
|c SK
|
| 100 |
1 |
|
|a Li, Tongxing
|4 aut
|9 1171527
|
| 245 |
1 |
0 |
|a OSCILLATION OF SECOND-ORDER NONLINEAR DIFFERENTIAL EQUATIONS WITH DAMPING
|c Tongxing Li, Yuriy V. Rogovchenko, Shuhong Tang
|
| 700 |
1 |
|
|a Tang, Shuhong
|4 aut
|9 1171528
|
| 700 |
1 |
|
|a YURIY V. ROGOVCHENKO
|4 aut
|9 1171529
|
| 773 |
0 |
|
|t Mathematica Slovaca : (Tlačené vyd.)
|g Roč. 64, č. 5 (2014), s. [1227]-1236
|
| 958 |
|
|
|a OND
|
| 958 |
|
|
|a EUIPO
|
| 958 |
|
|
|a article16
|
| 999 |
|
|
|c 2018798
|d 2020728
|